Statistiques concernant Composition France-Japon rugby 2022

Cliquez ici pour prendre le quiz!

Statistiques générales

  • Ce quiz a été pris 122 fois
  • Le résultat moyen est 11 sur 23

Statistiques - réponses

NumérosJoueurs% Correct
10Jalibert
83%
9Lucu
78%
2Mauvaka
76%
14Penaud
76%
15Jaminet
70%
12Moefana
68%
22Couilloud
61%
1Gros
61%
6Ollivon
54%
4Flament
53%
21Macalou
47%
3Bamba
46%
16
Bourgarit
46%
11Lebel
44%
8Tanga
41%
23Hastoy
36%
13Vakatawa
32%
7Cretin
31%
17Priso
30%
18Falatea
29%
5Jolmes
28%
19Lavault
20%
20Tolofua
14%

Distribution des résultats

Percentile par nombre de réponses

% des personnes avec chaque résultat

Votre développement - résultats

Vous n’avez pas pris ce quiz